000 00533nam a22002057a 4500
003 OSt
005 20161024175758.0
008 161024b xxu||||| |||| 00| 0 eng d
020 _a0071140484
040 _cDDC.
082 _a541BAR 1996.
100 _aBarrow,m.Gordon;
_99062
245 _aPhysical Chemistry:
250 _a6th ed
260 _aNew York.
_bThe McGraw-Hill Companies,inc
_c1996.
300 _axvii,910p;
_bill:
_c26cm.
504 _aincludes index.
650 _aPhysical Chemistry.
_91450
942 _2ddc
_cO_SHELF
999 _c5375
_d5375